| 000 | 03438cam a2200481 i 4500 | ||
|---|---|---|---|
| 001 | 20797519 | ||
| 005 | 20221230191729.0 | ||
| 008 | 190102s2019 nyuae b 100 0deng d | ||
| 906 |
_a7 _bcbc _ccopycat _d2 _encip _f20 _gy-gencatlg |
||
| 925 | 0 |
_aacquire _b1 shelf copy _xpolicy default |
|
| 010 | _a 2019930029 | ||
| 020 |
_a9781948765152 _q(paperback) |
||
| 020 |
_a1948765152 _q(paperback) |
||
| 035 | _a(OCoLC)on1089592091 | ||
| 040 |
_aYDX _beng _cYDX _erda _dSYB _dOCLCF _dYDXIT _dOCLCO _dOCL _dMUQ _dCLU _dOCLCQ _dOCLCO _dPAU _dWAU _dDLC |
||
| 042 | _alccopycat | ||
| 050 | 0 | 0 |
_aNA2540 _b.U563 2012 |
| 082 | 0 | 4 |
_a720 _223 |
| 245 | 0 | 0 |
_aUnder the influence : _bsymposium / _cedited by Ana Miljački. |
| 264 | 1 |
_aNew York ; _aBarcelona : _bActar Publishers, _c2019. |
|
| 300 |
_a220 pages : _billustrations, plans ; _c21 cm |
||
| 336 |
_atext _btxt _2rdacontent |
||
| 336 |
_astill image _bsti _2rdacontent |
||
| 337 |
_aunmediated _bn _2rdamedia |
||
| 338 |
_avolume _bnc _2rdacarrier |
||
| 500 | _aSubtitle from spine. | ||
| 504 | _aIncludes bibliographical references. | ||
| 520 |
_a"The Under the Influence book is based on the eponymous symposium, which brought together scholars and practitioners of architecture in order to focus on one of the most anxious disciplinary topics: influence. The symposium invited each of the participants to illuminate a single term -- a disciplinary synonym for appropriation -- and through that term, the specific strategies, historical, and disciplinary circumstances in which it is enmeshed. It was organized and hosted by Ana Miljački, and presented by the MIT Department of Architecture. With some small additions this is a reprint of that book. Influence is not easily quantified. It is elusive, even when we casually admit to it as we ogle images on the internet, or feel ourselves softening our resolve on an important issue in light of a beautifully crafted piece of rhetoric; or as the mass-media drone imperceptibly rewires some of our most fundamental desires. When Under the Influence symposium took place at MIT in 2012 [that is, 2013], the invitation to discuss issues of originality and copying in architecture were still taboo. There have been a number of projects on the topic since, but they have hardly exhausted the topics of copying and copyright, whose importance increases with every act of scrolling or 'liking' architectural images on Instagram."-- _cProvided by publisher. |
||
| 545 | 0 | _aAna Miljački, PhD is an Assistant Professor of Architecture at Massachusetts Institute of Technology where she teaches theory and design. | |
| 650 | 0 |
_aAppropriation (Architecture) _vCongresses. |
|
| 650 | 0 |
_aArchitecture _vCongresses. |
|
| 650 | 0 |
_aInfluence (Literary, artistic, etc.) _vCongresses. |
|
| 650 | 0 |
_aIntellectual property _vCongresses. |
|
| 650 | 6 |
_aInfluence littéraire, artistique, etc. _vCongrès. |
|
| 650 | 6 |
_aAllusions dans l'art _vCongrès. |
|
| 650 | 6 |
_aSimilarité (Psychologie) _vCongrès. |
|
| 655 | 7 |
_aConference papers and proceedings. _2lcgft _0http://id.loc.gov/authorities/genreForms/gf2014026068 |
|
| 655 | 7 |
_aConference papers and proceedings. _2lcgft |
|
| 700 | 1 |
_aMiljački, Ana, _eeditor. |
|
| 710 | 2 |
_aMassachusetts Institute of Technology. _bSchool of Architecture and Planning, _ehost institution. |
|
| 711 | 2 |
_aUnder the Influence (Symposium) _d(2013 : _cCambridge, Mass.) |
|
| 999 |
_c11123 _d11123 |
||